Pravidlá minihádzanej

Podrobná bibliografia
Hlavný autor: Ambruš, Jozef, 1924- (Autor)
Médium: Kniha
Jazyk:slovenčina
Fyzický popis:62 s. obr. 20 cm
Vydavateľské údaje: Bratislava Šport 1989
ISBN:8070961031
Vydanie:1. vyd.
Predmet:

MARC

LEADER 00000cam a2200000 a 4500
001 vtls001258766
003 SK-MaSNL
005 20260301234450.0
008 240509s1989 xo a nf 000 0 slo
015 |a SNBA1989 
020 |a 8070961031  |q (brož.) 
035 |a SNK000209603 
035 |a urn:nbn:sk:snk-amjbyp 
035 |a urn:nbn:sk:snk-am002s68 
035 |a 5371F959-A3FA-4E6F-91DE-5013ACBA37D7 
040 |a SNK  |b slo  |c SNK  |e AACR2 
041 0 |a slo 
044 |a xo  |c SK 
080 |a 796.322(083.133)  |2 1981 
100 1 |a Ambruš, Jozef,  |d 1924-  |4 aut  |9 151840 
245 1 0 |a Pravidlá minihádzanej  |c Jozef Ambruš 
250 |a 1. vyd. 
260 |a Bratislava  |b Šport  |c 1989  |e Bratislava  |f Slovšport 
300 |a 62 s.  |b obr.  |c 20 cm 
500 |a Smernice. 
504 |a Bibliogr.: s. 61 
650 0 7 |a minihádzaná  |2 SNKPH  |9 630513 
650 0 7 |a športové pravidlá  |2 SNKPH  |9 1046 
655 7 |a smernice  |2 SNKPH  |9 26899 
919 |a 80-7096-103-1 
958 |a EUIPO 
958 |a OND 
958 |a TL 
958 |a NB 
999 |c 970141  |d 972071 
952 |a SNK  |b SNK  |y PREZ  |7 0  |p 17A0997541  |o snkSC 74984  |0 0  |1 0  |4 0  |d 2012-09-29  |l 0  |r 2025-07-31 00:00:00  |w 2026-02-24 
952 |a SNK  |b SNK  |y VYP  |7 0  |p 17A0343713  |o snkSC 74984 D1  |i snkKSP 5866/2002  |0 0  |1 0  |4 0  |d 2002-05-21  |f 1  |l 0  |r 2005-01-01 00:00:00  |w 2026-02-24